[Event "National Elementary Championship"]
[Site "Columbus, Ohio, United States"]
[Date "2022.05.13"]
[Round "2.17"]
[White "Goodrich, Elliot"]
[Black "Zhou, Mason"]
[Result "1-0"]
[TimeControl "G/90;d5"]
[WhiteElo "1868"]
[BlackElo "1246"]

1. e4 {[%clk 01:30:00]} {[%emt 00:08:02]} e5 {[%clk 01:30:00]} {[%emt
00:00:05]} 2. Nf3 {[%clk 01:30:00]} {[%emt 00:00:02]} Nc6 {[%clk 01:29:58]}
{[%emt 00:00:07]} 3. Bc4 {[%clk 01:30:00]} {[%emt 00:00:03]} Bc5 {[%clk
01:29:56]} {[%emt 00:00:07]} 4. c3 {[%clk 01:30:00]} {[%emt 00:00:05]} Nf6
{[%clk 01:29:53]} {[%emt 00:00:07]} 5. d4 {[%clk 01:30:00]} {[%emt 00:00:04]}
exd4 {[%clk 01:29:51]} {[%emt 00:00:07]} 6. e5 {[%clk 01:30:00]} {[%emt
00:00:03]} Ne4 {[%clk 01:29:38]} {[%emt 00:00:17]} 7. Bd5 {[%clk 01:29:58]}
{[%emt 00:00:08]} f5 {[%clk 01:29:21]} {[%emt 00:00:22]} 8. cxd4 {[%clk
01:29:22]} {[%emt 00:00:41]} Bb4+ {[%clk 01:29:11]} {[%emt 00:00:15]} 9. Bd2
{[%clk 01:29:17]} {[%emt 00:00:10]} Bxd2+ {[%clk 01:27:46]} {[%emt 00:01:29]}
10. Nbxd2 {[%clk 01:27:46]} {[%emt 00:01:36]} Nxd2 {[%clk 01:27:46]} {[%emt
00:00:04]} 11. Qxd2 {[%clk 01:27:46]} {[%emt 00:00:05]} Ne7 {[%clk 01:27:38]}
{[%emt 00:00:13]} 12. Bb3 {[%clk 01:27:31]} {[%emt 00:00:20]} Ng6 {[%clk
01:26:29]} {[%emt 00:01:14]} 13. O-O {[%clk 01:26:56]} {[%emt 00:00:40]} d5
{[%clk 01:25:41]} {[%emt 00:00:53]} 14. exd6 {[%clk 01:26:13]} {[%emt
00:00:48]} cxd6 {[%clk 01:25:30]} {[%emt 00:00:15]} 15. Rfe1+ {[%clk 01:26:06]}
{[%emt 00:00:12]} Kf8 {[%clk 01:23:10]} {[%emt 00:02:25]} 16. Ng5 {[%clk
01:25:32]} {[%emt 00:00:38]} d5 {[%clk 01:22:30]} {[%emt 00:00:46]} 17. Qb4+
{[%clk 01:25:03]} {[%emt 00:00:33]} Ne7 {[%clk 01:20:04]} {[%emt 00:02:31]} 18.
Bxd5 {[%clk 01:24:55]} {[%emt 00:00:13]} Qd7 {[%clk 01:03:16]} {[%emt
00:16:53]} 19. Ne6+ {[%clk 01:24:44]} {[%emt 00:00:16]} Ke8 {[%clk 01:02:21]}
{[%emt 00:01:01]} 20. Nxg7+ {[%clk 01:24:29]} {[%emt 00:00:20]} Kd8 {[%clk
01:01:29]} {[%emt 00:00:57]} 21. Be6 {[%clk 01:23:43]} {[%emt 00:00:51]} Nc6
{[%clk 00:58:05]} {[%emt 00:03:30]} 22. Bxd7 {[%clk 01:22:52]} {[%emt
00:00:56]} Nxb4 {[%clk 00:57:53]} {[%emt 00:00:17]} 23. Bxc8 {[%clk 01:22:38]}
{[%emt 00:00:19]} Rxc8 {[%clk 00:57:45]} {[%emt 00:00:12]} 24. Rac1 {[%clk
01:22:29]} {[%emt 00:00:14]} Rxc1 {[%clk 00:53:08]} {[%emt 00:04:43]} 25. Rxc1
{[%clk 01:21:30]} {[%emt 00:01:03]} Nd3 {[%clk 00:53:08]} {[%emt 00:00:02]} 26.
Rc3 {[%clk 01:21:26]} {[%emt 00:00:10]} Nxb2 {[%clk 00:52:24]} {[%emt
00:00:49]} 27. Rb3 {[%clk 01:21:25]} {[%emt 00:00:06]} Rg8 {[%clk 00:52:14]}
{[%emt 00:00:15]} 28. Rxb7 {[%clk 01:21:19]} {[%emt 00:00:12]} Kc8 {[%clk
00:51:05]} {[%emt 00:01:14]} 29. Rxa7 {[%clk 01:21:18]} {[%emt 00:00:06]} Kb8
{[%clk 00:51:02]} {[%emt 00:00:07]} 30. Rd7 {[%clk 01:21:02]} {[%emt 00:00:21]}
Rc8 {[%clk 00:50:09]} {[%emt 00:00:59]} 31. h3 {[%clk 01:20:54]} {[%emt
00:00:13]} Rc1+ {[%clk 00:49:31]} {[%emt 00:00:44]} 32. Kh2 {[%clk 01:19:59]}
{[%emt 00:01:00]} Rc2 {[%clk 00:49:05]} {[%emt 00:00:31]} 33. f3 {[%clk
01:19:39]} {[%emt 00:00:24]} Nd3 {[%clk 00:48:48]} {[%emt 00:00:22]} 34. Nxf5
{[%clk 01:19:39]} {[%emt 00:00:06]} Ne1 {[%clk 00:48:20]} {[%emt 00:00:33]} 35.
Nh4 {[%clk 01:19:28]} {[%emt 00:00:15]} Rxa2 {[%clk 00:48:10]} {[%emt
00:00:15]} 36. Rxh7 {[%emt 00:00:09]} Rd2 {[%clk 00:47:41]} {[%emt 00:00:33]}
37. Rd7 {[%clk 01:19:10]} {[%emt 00:00:21]} Kc8 {[%clk 00:47:19]} {[%emt
00:00:27]} 38. Re7 {[%clk 01:18:58]} {[%emt 00:00:17]} Rxd4 {[%clk 00:46:42]}
{[%emt 00:00:43]} 39. Rxe1 {[%clk 01:18:52]} {[%emt 00:00:10]} Rxh4 {[%clk
00:46:42]} {[%emt 00:00:02]} 40. g4 {[%clk 01:18:44]} {[%emt 00:00:12]} Rh7
{[%clk 00:46:29]} {[%emt 00:00:18]} 41. f4 {[%clk 01:18:44]} {[%emt 00:00:05]}
Rf7 {[%clk 00:46:11]} {[%emt 00:00:23]} 42. f5 {[%clk 01:18:42]} {[%emt
00:00:07]} Kd7 {[%clk 00:45:51]} {[%emt 00:00:25]} 43. h4 {[%clk 01:18:39]}
{[%emt 00:00:08]} Kd6 {[%clk 00:45:20]} {[%emt 00:00:37]} 44. Kg3 {[%clk
01:18:38]} {[%emt 00:00:06]} Re7 {[%clk 00:43:48]} {[%emt 00:01:37]} 45. Rxe7
{[%clk 01:18:38]} {[%emt 00:00:05]} Kxe7 {[%clk 00:43:44]} {[%emt 00:00:08]} 46.
g5 {[%clk 01:18:38]} {[%emt 00:00:02]} Kf7 {[%clk 00:43:41]} {[%emt 00:00:09]}
47. h5 {[%clk 01:18:37]} {[%emt 00:00:05]} Kg7 {[%clk 00:43:33]} {[%emt
00:00:13]} 48. f6+ {[%clk 01:18:35]} {[%emt 00:00:08]} Kh7 {[%clk 00:43:03]}
{[%emt 00:00:34]} 49. Kg4 {[%clk 01:18:33]} {[%emt 00:00:07]} Kh8 {[%clk
00:42:44]} {[%emt 00:00:23]} 50. g6 {[%clk 01:18:33]} {[%emt 00:00:06]} Kg8
{[%clk 00:42:25]} {[%emt 00:00:24]} 51. h6 {[%clk 01:18:33]} {[%emt 00:00:03]}
Kf8 {[%clk 00:42:17]} {[%emt 00:00:13]} 52. h7 {[%clk 01:18:05]} {[%emt
00:00:33]} Ke8 {[%clk 00:42:07]} {[%emt 00:00:15]} 53. h8=Q+ {[%clk 01:18:05]}
{[%emt 00:00:05]} Kd7 {[%clk 00:42:01]} {[%emt 00:00:11]} 54. g7 {[%clk
01:18:04]} {[%emt 00:00:06]} Ke6 {[%clk 00:41:52]} {[%emt 00:00:14]} 55. g8=Q+
{[%clk 01:17:50]} {[%emt 00:00:19]} Ke5 {[%clk 00:41:45]} {[%emt 00:00:13]} 56.
f7+ {[%clk 01:17:46]} {[%emt 00:00:08]} Ke4 {[%clk 00:41:32]} {[%emt 00:00:18]}
57. f8=Q {[%clk 01:17:43]} {[%emt 00:00:08]} Ke3 {[%clk 00:41:18]} {[%emt
00:00:19]} 58. Qb3+ {[%clk 01:17:43]} {[%emt 00:00:05]} Ke2 {[%clk 00:41:14]}
{[%emt 00:00:09]} 59. Qh2+ {[%clk 01:17:39]} {[%emt 00:00:08]} Ke1 {[%clk
00:41:06]} {[%emt 00:00:14]} 60. Qff2# {[%clk 01:17:39]} 1-0

[Event "National Elementary Championship"]
[Site "Columbus, Ohio, United States"]
[Date "2022.05.13"]
[Round "2.18"]
[White "Jha, Keya"]
[Black "Yue, Tariq"]
[Result "0-1"]
[TimeControl "G/90;d5"]
[WhiteElo "1260"]
[BlackElo "1826"]

1. e4 {[%clk 01:29:58]} {[%emt 00:01:03]} c5 {[%clk 01:30:00]} 2. Nf3 {[%clk
01:29:53]} d6 {[%clk 01:29:59]} 3. Nc3 {[%clk 01:29:41]} Nc6 {[%clk 01:29:59]}
4. d4 {[%clk 01:29:35]} cxd4 {[%clk 01:29:59]} {[%emt 00:00:11]} 5. Nxd4 {[%clk
01:29:32]} {[%emt 00:00:08]} g6 {[%clk 01:29:46]} {[%emt 00:00:20]} 6. Bb5
{[%clk 01:29:28]} {[%emt 00:00:08]} Bd7 {[%clk 01:29:46]} {[%emt 00:00:09]} 7.
Be3 {[%clk 01:29:12]} {[%emt 00:00:07]} Nf6 {[%clk 01:29:40]} {[%emt 00:00:35]}
8. O-O {[%clk 01:28:36]} {[%emt 00:00:23]} Bg7 {[%clk 01:29:40]} 9. a4 {[%clk
01:28:22]} {[%emt 00:00:14]} O-O {[%clk 01:29:30]} {[%emt 00:00:24]} 10. Nd5
{[%clk 01:28:14]} {[%emt 00:00:07]} Nxe4 {[%clk 01:26:55]} {[%emt 00:02:39]} 11.
Re1 {[%clk 01:27:35]} {[%emt 00:00:46]} Nf6 {[%clk 01:26:30]} {[%emt 00:00:25]}
12. Nxc6 {[%clk 01:26:55]} {[%emt 00:01:00]} bxc6 {[%clk 01:26:23]} {[%emt
00:00:03]} 13. Nxf6+ {[%clk 01:26:45]} {[%emt 00:00:08]} Bxf6 {[%clk 01:26:18]}
{[%emt 00:00:24]} 14. Bh6 {[%clk 01:26:38]} {[%emt 00:00:03]} cxb5 {[%clk
01:26:10]} {[%emt 00:00:13]} 15. Bxf8 {[%clk 01:26:31]} {[%emt 00:00:12]} Qxf8
{[%clk 01:26:10]} {[%emt 00:00:04]} 16. axb5 {[%clk 01:26:10]} {[%emt
00:00:20]} Bxb5 {[%clk 01:26:08]} {[%emt 00:00:37]} 17. Qf3 {[%clk 01:25:48]}
{[%emt 00:00:04]} a6 {[%clk 01:25:23]} {[%emt 00:00:46]} 18. Rab1 {[%clk
01:25:30]} {[%emt 00:00:23]} Rc8 {[%clk 01:25:20]} {[%emt 00:00:33]} 19. c3
{[%clk 01:25:25]} {[%emt 00:00:11]} a5 {[%clk 01:24:20]} {[%emt 00:00:41]} 20.
Qd5 {[%clk 01:25:02]} {[%emt 00:00:41]} Rc5 {[%clk 01:24:19]} 21. Qb7 {[%clk
01:24:34]} {[%emt 00:00:52]} Bc6 {[%clk 01:24:05]} 22. Qa6 {[%clk 01:24:13]}
{[%emt 00:00:15]} Qh6 {[%clk 01:23:25]} {[%emt 00:00:48]} 23. b4 {[%clk
01:23:50]} {[%emt 00:00:27]} Qg5 {[%clk 01:23:04]} {[%emt 00:00:29]} 24. Qf1
{[%clk 01:22:28]} {[%emt 00:01:28]} Bb5 {[%clk 01:22:26]} {[%emt 00:00:41]} 25.
bxc5 {[%clk 01:21:56]} {[%emt 00:00:31]} Bxf1 {[%clk 01:22:26]} {[%emt
00:00:35]} 26. Rxf1 {[%clk 01:21:41]} Qxc5 {[%clk 01:22:26]} {[%emt 00:00:03]}
27. Rb8+ {[%clk 01:21:16]} {[%emt 00:00:21]} Kg7 {[%clk 01:22:24]} {[%emt
00:00:18]} 28. Ra8 {[%clk 01:20:59]} {[%emt 00:00:12]} Qxc3 {[%clk 01:22:14]}
{[%emt 00:00:18]} 29. h3 {[%clk 01:19:56]} {[%emt 00:01:06]} Qb4 {[%clk
01:22:02]} {[%emt 00:00:32]} 30. Rc1 {[%clk 01:19:32]} {[%emt 00:00:51]} a4
{[%clk 01:21:57]} 31. Rac8 {[%clk 01:18:43]} {[%emt 00:00:35]} a3 {[%clk
01:21:51]} {[%emt 00:00:07]} 32. Ra8 {[%clk 01:16:30]} {[%emt 00:02:20]} Qb2
{[%clk 01:21:42]} {[%emt 00:00:26]} 33. Rf1 {[%clk 01:15:44]} {[%emt 00:00:33]}
a2 {[%clk 01:21:40]} {[%emt 00:00:13]} 34. Ra6 {[%clk 01:15:33]} {[%emt
00:00:37]} a1=Q {[%clk 01:21:04]} {[%emt 00:00:18]} 35. Raxa1 {[%clk 01:15:10]}
{[%emt 00:00:21]} Qxa1 {[%clk 01:20:57]} {[%emt 00:00:30]} 36. Rxa1 {[%clk
01:15:06]} {[%emt 00:00:04]} Bxa1 {[%clk 01:20:57]} 37. Kf1 {[%clk 01:15:04]}
{[%emt 00:00:04]} d5 {[%clk 01:20:53]} {[%emt 00:00:16]} 38. Ke2 {[%clk
01:15:00]} d4 {[%clk 01:20:53]} {[%emt 00:00:11]} 39. Kd3 {[%emt 00:00:05]} e5
{[%emt 00:00:13]} 40. f3 {[%clk 01:14:28]} {[%emt 00:00:27]} f5 {[%clk
01:20:52]} 41. h4 {[%clk 01:14:24]} {[%emt 00:00:20]} Kf6 {[%clk 01:20:52]} 42.
g4 {[%clk 01:13:50]} {[%emt 00:00:23]} Ke6 {[%clk 01:20:47]} {[%emt 00:00:08]}
43. g5 {[%clk 01:13:30]} {[%emt 00:00:23]} Kd5 {[%clk 01:20:47]} {[%emt
00:00:23]} 44. Kd2 {[%clk 01:12:33]} {[%emt 00:01:01]} Kc4 {[%clk 01:20:08]}
{[%emt 00:00:27]} 45. Kc2 {[%clk 01:12:18]} {[%emt 00:00:39]} d3+ {[%clk
01:20:08]} 46. Kd2 {[%clk 01:12:16]} Bc3+ {[%clk 01:20:07]} {[%emt 00:00:03]}
47. Kd1 {[%clk 01:12:05]} {[%emt 00:00:11]} Kb3 {[%clk 01:20:07]} {[%emt
00:00:09]} 48. Kc1 {[%clk 01:11:53]} {[%emt 00:00:16]} e4 {[%clk 01:20:07]} 49.
Kd1 {[%clk 01:10:46]} {[%emt 00:01:14]} e3 {[%clk 01:19:52]} {[%emt 00:00:33]}
50. h5 {[%clk 01:10:35]} e2+ {[%clk 01:19:52]} {[%emt 00:00:15]} 51. Kc1 {[%clk
01:10:15]} {[%emt 00:00:12]} e1=Q# {[%emt 00:00:37]} 0-1

[Event "National Elementary Championship"]
[Site "Columbus, Ohio, United States"]
[Date "2022.05.13"]
[Round "2.19"]
[White "Wang, Ted"]
[Black "Statz, Isaac"]
[Result "1-0"]
[TimeControl "G/90;d5"]
[WhiteElo "1825"]
[BlackElo "1228"]

1. e4 {[%clk 01:30:00]} {[%emt 00:00:03]} c5 {[%clk 01:29:54]} 2. Nf3 {[%clk
01:30:00]} e6 {[%clk 01:29:27]} {[%emt 00:00:25]} 3. d4 {[%clk 01:29:57]}
{[%emt 00:00:11]} cxd4 {[%clk 01:29:07]} {[%emt 00:00:21]} 4. Nxd4 {[%clk
01:29:57]} {[%emt 00:00:31]} a6 {[%clk 01:29:03]} {[%emt 00:00:03]} 5. Nc3
{[%clk 01:29:57]} Bb4 {[%clk 01:28:35]} {[%emt 00:00:22]} 6. Be2 {[%clk
01:29:45]} {[%emt 00:00:14]} Nf6 {[%clk 01:27:55]} {[%emt 00:00:47]} 7. Qd3
{[%clk 01:28:40]} {[%emt 00:01:17]} Qc7 {[%clk 01:26:47]} {[%emt 00:01:11]} 8.
O-O {[%clk 01:28:36]} {[%emt 00:00:05]} O-O {[%clk 01:26:21]} {[%emt 00:00:57]}
9. Bg5 {[%clk 01:27:55]} {[%emt 00:00:12]} Be7 {[%clk 01:25:29]} {[%emt
00:01:38]} 10. f4 {[%clk 01:27:05]} {[%emt 00:00:24]} Bc5 {[%clk 01:24:16]}
{[%emt 00:01:15]} 11. Kh1 {[%clk 01:25:10]} {[%emt 00:02:03]} Kh8 {[%clk
01:22:59]} {[%emt 00:01:15]} 12. e5 {[%clk 01:24:22]} {[%emt 00:01:19]} Ne8
{[%clk 01:21:54]} {[%emt 00:00:47]} 13. Rad1 {[%clk 01:21:54]} {[%emt
00:02:31]} f6 {[%clk 01:21:02]} {[%emt 00:00:57]} 14. exf6 {[%clk 01:21:40]}
{[%emt 00:00:20]} Nxf6 {[%clk 01:20:42]} {[%emt 00:00:29]} 15. Bxf6 {[%clk
01:21:32]} {[%emt 00:00:08]} Rxf6 {[%clk 01:20:35]} {[%emt 00:00:39]} 16. Ne4
{[%clk 01:21:06]} {[%emt 00:00:06]} Bxd4 {[%clk 01:19:44]} {[%emt 00:00:54]} 17.
Qxd4 {[%clk 01:21:03]} {[%emt 00:00:12]} Nc6 {[%clk 01:17:10]} {[%emt
00:02:35]} 18. Qc3 {[%clk 01:20:00]} {[%emt 00:01:06]} Rf8 {[%clk 01:16:17]}
{[%emt 00:01:00]} 19. Ng5 {[%clk 01:18:36]} {[%emt 00:01:27]} h6 {[%clk
01:15:19]} {[%emt 00:01:05]} 20. Ne4 {[%clk 01:17:34]} {[%emt 00:01:11]} d5
{[%clk 01:13:29]} {[%emt 00:01:50]} 21. Ng3 {[%clk 01:15:25]} {[%emt 00:02:12]}
Rxf4 {[%clk 01:10:50]} {[%emt 00:02:46]} 22. Rxf4 {[%clk 01:15:22]} {[%emt
00:00:39]} Qxf4 {[%clk 01:10:41]} {[%emt 00:00:04]} 23. Rf1 {[%clk 01:11:20]}
{[%emt 00:03:43]} Qd6 {[%clk 01:09:49]} {[%emt 00:01:01]} 24. Nh5 {[%clk
01:09:34]} {[%emt 00:01:53]} d4 {[%clk 01:06:14]} {[%emt 00:03:40]} 25. Qd3
{[%clk 01:08:24]} {[%emt 00:01:38]} Ne5 {[%clk 01:03:50]} {[%emt 00:02:04]} 26.
Qg3 {[%clk 01:07:51]} {[%emt 00:00:36]} g6 {[%clk 00:59:59]} {[%emt 00:03:59]}
27. Nf4 {[%clk 01:07:28]} {[%emt 00:00:31]} Qe7 {[%clk 00:56:33]} {[%emt
00:03:27]} 28. Nxg6+ {[%clk 01:07:14]} {[%emt 00:00:34]} Nxg6 {[%clk 00:55:59]}
{[%emt 00:00:31]} 29. Qxg6 {[%clk 01:07:12]} {[%emt 00:00:08]} Bd7 {[%clk
00:54:35]} {[%emt 00:01:22]} 30. Rf7 {[%clk 01:07:05]} {[%emt 00:00:36]} Qg5
{[%clk 00:51:00]} {[%emt 00:03:15]} 31. Qh7# {[%clk 01:07:03]} {[%emt
00:00:10]} 1-0

[Event "National Elementary Championship"]
[Site "Columbus, Ohio, United States"]
[Date "2022.05.13"]
[Round "2.20"]
[White "Yuen, Daisy"]
[Black "Mahesh, Kanishk"]
[Result "1/2-1/2"]
[TimeControl "G/90;d5"]
[WhiteElo "1220"]
[BlackElo "1763"]

1. e4 {[%clk 01:29:59]} c5 {[%clk 01:30:00]} {[%emt 00:12:26]} 2. Nf3 {[%clk
01:29:42]} d6 {[%clk 01:29:50]} {[%emt 00:00:35]} 3. d4 {[%clk 01:28:45]} cxd4
{[%clk 01:29:49]} {[%emt 00:01:17]} 4. Nxd4 {[%clk 01:28:36]} Nc6 {[%clk
01:29:43]} {[%emt 00:00:20]} 5. Nc3 {[%clk 01:28:20]} Nf6 {[%clk 01:29:41]}
{[%emt 00:00:47]} 6. Be2 {[%clk 01:27:30]} g6 {[%clk 01:29:36]} {[%emt
00:00:52]} 7. O-O {[%clk 01:26:35]} Bg7 {[%clk 01:29:10]} {[%emt 00:02:00]} 8.
Be3 {[%clk 01:25:57]} O-O {[%clk 01:27:42]} {[%emt 00:01:34]} 9. Qd2 {[%emt
00:02:39]} Ng4 {[%clk 01:24:55]} {[%emt 00:02:02]} 10. Bxg4 {[%clk 01:23:24]}
{[%emt 00:00:48]} Bxg4 {[%clk 01:24:55]} {[%emt 00:00:41]} 11. Nxc6 {[%clk
01:22:37]} {[%emt 00:00:29]} bxc6 {[%clk 01:24:54]} {[%emt 00:00:04]} 12. Bh6
{[%clk 01:21:23]} {[%emt 00:01:14]} c5 {[%clk 01:23:16]} {[%emt 00:01:55]} 13.
Bxg7 {[%clk 01:20:13]} {[%emt 00:01:05]} Kxg7 {[%clk 01:23:10]} {[%emt
00:00:14]} 14. Nd5 {[%clk 01:18:07]} {[%emt 00:02:15]} Be6 {[%clk 01:21:08]}
{[%emt 00:01:58]} 15. Qc3+ {[%clk 01:14:59]} {[%emt 00:03:12]} Kg8 {[%clk
01:19:37]} {[%emt 00:01:50]} 16. Nf4 {[%clk 01:13:28]} {[%emt 00:01:20]} Bd7
{[%clk 01:16:41]} {[%emt 00:02:59]} 17. e5 {[%clk 01:11:13]} {[%emt 00:02:23]}
Bc6 {[%clk 01:15:30]} {[%emt 00:01:17]} 18. Rad1 {[%clk 01:10:34]} {[%emt
00:00:44]} Qc7 {[%clk 01:13:57]} {[%emt 00:01:33]} 19. Nd5 {[%clk 01:09:09]}
{[%emt 00:01:42]} Bxd5 {[%clk 01:06:29]} {[%emt 00:07:26]} 20. Rxd5 {[%clk
01:08:44]} {[%emt 00:00:33]} Rfd8 {[%clk 01:06:19]} {[%emt 00:00:38]} 21. exd6
{[%emt 00:01:14]} exd6 {[%clk 01:06:00]} {[%emt 00:00:39]} 22. Re1 {[%clk
01:05:29]} {[%emt 00:01:29]} Rab8 {[%clk 01:03:27]} {[%emt 00:02:39]} 23. a3
{[%clk 01:02:26]} {[%emt 00:03:07]} Qb7 {[%clk 01:02:57]} {[%emt 00:00:35]} 24.
Red1 {[%emt 00:14:10]} Qb6 {[%clk 00:50:31]} {[%emt 00:00:03]} 25. b3 {[%clk
01:00:01]} {[%emt 00:00:54]} Qc6 {[%clk 00:49:48]} {[%emt 00:00:42]} 26. Qf6
{[%clk 00:59:05]} {[%emt 00:01:05]} Qa6 {[%clk 00:41:35]} {[%emt 00:08:32]} 27.
Rxd6 {[%clk 00:58:09]} {[%emt 00:00:48]} Rxd6 {[%clk 00:39:56]} {[%emt
00:01:43]} 28. Qxd6 {[%clk 00:57:29]} {[%emt 00:00:52]} Qb5 {[%clk 00:39:22]}
{[%emt 00:00:24]} 29. h3 {[%clk 00:55:59]} {[%emt 00:01:46]} Rb6 {[%clk
00:38:44]} {[%emt 00:00:44]} 30. Qd3 {[%clk 00:55:22]} {[%emt 00:00:39]} Qc6
{[%clk 00:35:59]} {[%emt 00:02:51]} 31. Qd8+ {[%clk 00:54:02]} {[%emt
00:01:24]} Kg7 {[%clk 00:35:38]} {[%emt 00:00:29]} 32. Qd7 {[%clk 00:53:22]}
{[%emt 00:00:33]} Qe4 {[%clk 00:32:32]} {[%emt 00:04:07]} 33. Qxa7 {[%clk
00:51:54]} {[%emt 00:00:47]} Qxc2 {[%clk 00:31:51]} {[%emt 00:01:08]} 34. Qxb6
{[%clk 00:50:14]} {[%emt 00:01:25]} Qxd1+ {[%clk 00:31:33]} {[%emt 00:00:20]}
35. Kh2 {[%clk 00:49:45]} {[%emt 00:00:31]} Qd4 {[%clk 00:30:53]} {[%emt
00:00:48]} 36. b4 {[%clk 00:47:36]} {[%emt 00:02:13]} Qf4+ {[%clk 00:28:27]}
{[%emt 00:02:32]} 37. Kg1 {[%clk 00:47:02]} {[%emt 00:00:58]} Qc1+ {[%clk
00:28:12]} {[%emt 00:00:03]} 38. Kh2 {[%clk 00:46:50]} {[%emt 00:00:20]} Qf4+
{[%clk 00:26:26]} {[%emt 00:01:51]} 39. Kg1 {[%clk 00:46:41]} {[%emt 00:00:08]}
Qc1+ {[%clk 00:26:24]} {[%emt 00:00:14]} 40. Kh2 {[%clk 00:46:34]} {[%emt
00:00:28]} Qf4+ {[%clk 00:26:24]} 41. Kg1 {[%clk 00:46:21]} {[%emt 00:00:10]}
Qc1+ {[%clk 00:26:23]} 1/2-1/2